[Event "FRA-chT4 0203"]
[Site "Champagne Ardenne"]
[Date "2002.10.13"]
[Round "1"]
[White "Plamont, Mylene"]
[Black "Chittier, Celine"]
[Result "0-1"]
[WhiteElo "1299"]
[BlackElo "1750"]
[PlyCount "82"]
[EventDate "2002.10.02"]
[EventType "team"]
[EventRounds "7"]
[EventCountry "FRA"]
[SourceTitle "EXT 2005"]
[Source "ChessBase"]
[SourceDate "2004.11.15"]
[SourceVersion "1"]
[SourceVersionDate "2004.11.15"]
[SourceQuality "1"]

1. g3 d5 2. Nf3 Nc6 3. Bg2 e5 4. Nc3 Nf6 5. d4 e4 6. Ne5 Ng4 7. 0-0 Ncxe5 8. dxe5 Be6 9. f3 Bc5+ 10. e3 Bxe3+ 11. Kh1 Nf2+ 12. Rxf2 Bxf2 13. fxe4 dxe4 14. Qe2 Bb6 15. Qxe4 c6 16. Be3 0-0 17. Rf1 Bxe3 18. Qxe3 Qc7 19. Qc5 Rfd8 20. Rd1 Rxd1+ 21. Nxd1 Rd8 22. Bf3 Bd5 23. Qf2 Qxe5 24. Qe3 Qxe3 25. Nxe3 Bxf3+ 26. Kg1 Rd2 27. Kf1 Kf8 28. Ke1 Re2+ 29. Kd1 Rxe3+ 30. Kc1 Re2 31. b3 Ke7 32. Kb2 Kd6 33. a4 Kc5 34. Kc3 Be4 35. b4+ Kd5 36. Kb3 Rxc2 37. a5 Kd4 38. Ka4 Bd5 39. b5 Kc4 40. Ka3 Kxb5 41. h3 Ra2# 0-1